000 00680nam a2200229 a 4500
001 BRCA_5253
005 20190320205014.0
008 301110s1943----gw-a######---#000-0#ger-#
041 _ager
044 _agw
050 4 _aND668
_b.M37 1943
100 1 _aMarlier, Georges
_d1898-1968
_913458
245 1 0 _aDie flämische Malerei der Gegenwart
_cGeorges Marlier.
260 _aJena, Alemania
_bEugene Diederichs
_cc1943
300 _a114 p.
_bil. (algunas a color), 68 láminas
_c23 cm.
500 _aEstado físico: Encuadernación deteriorada
500 _aE72
650 1 4 _aPintura
_zBélgica
_913459
650 1 4 _aPintores flamencos
_97571
902 _aGFM
942 _2lcc
_cB
999 _c4947
_d4947